[Event "Oviedo op 9th"]
[Site "Oviedo"]
[Date "2023.07.26"]
[Round "4"]
[White "Gonzalez Laso, Adrian"]
[Black "Gines Esteo, Pedro Antonio"]
[Result "0-1"]
[WhiteElo "2235"]
[BlackElo "2495"]
[PlyCount "116"]
[EventDate "2023.07.24"]
[EventType "swiss"]
[EventRounds "9"]
[EventCountry "ESP"]
[SourceTitle "CBM 215 Extra"]
[Source "ChessBase"]
[SourceDate "2023.09.30"]
[SourceVersion "1"]
[SourceVersionDate "2023.09.30"]
[SourceQuality "1"]

1. e4 c6 2. d4 d5 3. exd5 cxd5 4. Bd3 Nc6 5. c3 Qc7 6. Nf3 g6 7. h3 Nh6 8. 0-0 Bf5 9. Re1 Bxd3 10. Qxd3 Bg7 11. Qb5 Rd8 12. Ne5 0-0 13. Bf4 Nxe5 14. Bxe5 Qd7 15. Qxd7 Rxd7 16. Bxg7 Kxg7 17. a4 Nf5 18. Nd2 Rc7 19. a5 f6 20. Nb3 Kf7 21. Ra4 Re8 22. Rb4 Nd6 23. Nc5 e5 24. Nd3 Rce7 25. dxe5 fxe5 26. f4 e4 27. Ne5+ Ke6 28. Ng4 Rc8 29. Ne3 Rc5 30. Ra1 Rf7 31. g3 h6 32. a6 b5 33. Nc2 g5 34. Nd4+ Kd7 35. fxg5 hxg5 36. Rf1 Rxf1+ 37. Kxf1 Ke7 38. Ke2 Kf6 39. Rb3 Ke5 40. Ke3 Rc7 41. Nxb5 Nc4+ 42. Ke2 Rf7 43. Nd4 e3 44. Rb7 Rf2+ 45. Ke1 Ke4 46. Nb3 Ne5 47. Re7 Rxb2 48. Nc1 Rb1 49. Kd1 e2+ 50. Kxe2 Rxc1 51. Rxa7 Rxc3 52. h4 d4 53. Rb7 d3+ 54. Kd1 Ra3 55. a7 Nc4 56. Ke1 Ra1+ 57. Kf2 d2 58. Re7+ Kf5 0-1

[Event "Oviedo op 8th"]
[Site "Oviedo"]
[Date "2022.07.20"]
[Round "5"]
[White "Gonzalez Pabollet, Jesus Maria"]
[Black "Gonzalez Laso, Adrian"]
[Result "0-1"]
[WhiteElo "1788"]
[BlackElo "2294"]
[PlyCount "92"]
[EventDate "2022.07.17"]
[EventType "swiss"]
[EventRounds "9"]
[EventCountry "ESP"]
[SourceTitle "CBM 209 Extra"]
[Source "ChessBase"]
[SourceDate "2022.09.30"]
[SourceVersion "1"]
[SourceVersionDate "2022.09.30"]
[SourceQuality "1"]

1. Nf3 Nf6 2. b3 d5 3. Bb2 Bf5 4. e3 e6 5. d4 Bd6 6. Bd3 Ne4 7. 0-0 Nd7 8. c4 c6 9. Ne5 Bxe5 10. dxe5 Ndc5 11. Bc2 dxc4 12. Bxe4 Bxe4 13. Bd4 Nd7 14. bxc4 c5 15. Bc3 Qc7 16. Na3 a6 17. f3 Bc6 18. f4 0-0 19. Rb1 Rfb8 20. Qe2 Be4 21. Rb2 Nf8 22. Rd1 Ng6 23. Qe1 Ne7 24. Ba5 b6 25. Bc3 h5 26. Rbd2 Nf5 27. Rd7 Qc6 28. Qe2 g6 29. R1d2 Kg7 30. Qd1 Rb7 31. Rxb7 Qxb7 32. Qe1 Qc6 33. Nc2 Qa4 34. Qe2 b5 35. cxb5 axb5 36. Ne1 b4 37. Ba1 Qa6 38. Nd3 Bxd3 39. Rxd3 Qxa2 40. Bb2 c4 41. Rd2 Qb3 42. Bd4 c3 43. Rc2 Ra1+ 44. Kf2 Rb1 45. h3 Nxd4 46. exd4 Qxc2 0-1

[Event "Torrelavega 1st"]
[Site "Torrelavega"]
[Date "2021.10.25"]
[Round "6"]
[White "Gonzalez Laso, Adrian"]
[Black "Tejedor Fuente, Enrique"]
[Result "1/2-1/2"]
[WhiteElo "2272"]
[BlackElo "2439"]
[PlyCount "135"]
[EventDate "2021.10.19"]
[EventType "tourn"]
[EventRounds "9"]
[EventCountry "ESP"]
[EventCategory "7"]
[SourceTitle "EXT 2023"]
[Source "ChessBase"]
[SourceDate "2022.10.05"]
[SourceVersion "1"]
[SourceVersionDate "2022.10.05"]
[SourceQuality "1"]

1. e4 c5 2. Nc3 Nc6 3. g3 g6 4. Bg2 Bg7 5. d3 e6 6. Be3 b6 7. Qd2 Nd4 8. Nge2 Ne7 9. 0-0 0-0 10. Nf4 Bb7 11. h4 h5 12. Nce2 d5 13. exd5 e5 14. Nh3 Nxe2+ 15. Qxe2 Bxd5 16. Rfe1 Nc6 17. Ng5 Bxg2 18. Kxg2 Qd5+ 19. Qf3 Qxf3+ 20. Nxf3 Nb4 21. Re2 e4 22. dxe4 Bxb2 23. Rb1 Bg7 24. c4 Rad8 25. Bg5 Rd3 26. Rb3 Rd1 27. e5 Nc6 28. e6 f6 29. Bd2 Rd8 30. a4 Ra1 31. a5 Nxa5 32. Bxa5 Rxa5 33. Rd3 Re8 34. Rd7 a6 35. Ne1 Ra4 36. Rb7 Rxc4 37. Rxb6 a5 38. Nd3 g5 39. Rb5 gxh4 40. Rxa5 hxg3 41. fxg3 Rg4 42. Nxc5 h4 43. Kh3 Rxg3+ 44. Kxh4 Rg1 45. Nd7 Kh7 46. Kh3 Kg6 47. Kh2 Rg4 48. Ra3 Bh6 49. Kh3 Rd4 50. Kg3 Rd6 51. Nc5 Rc6 52. Ra5 Bf8 53. Nd3 Rc3 54. Re3 Kh7 55. Ra7+ Re7 56. Rxe7+ Bxe7 57. Kf3 Kg7 58. Ke4 Kf8 59. Rh3 Ra3 60. Rh8+ Kg7 61. Re8 Bd6 62. Nb2 Rc3 63. Kd5 Bb4 64. Rb8 Rc5+ 65. Kd4 Re5 66. Rb7+ Kh6 67. Nd3 Rxe6 68. Rxb4 1/2-1/2

[Event "ESP-chT Rapid"]
[Site "Ciudad Real"]
[Date "2021.10.09"]
[Round "1.6"]
[White "Gonzalez Laso, Adrian"]
[Black "Merlo Sanchez, Jose Manuel"]
[Result "1-0"]
[WhiteElo "2272"]
[BlackElo "1864"]
[PlyCount "35"]
[EventDate "2021.10.09"]
[EventType "team-swiss (rapid)"]
[EventRounds "9"]
[EventCountry "ESP"]
[SourceTitle "CBM 204 Extra"]
[Source "ChessBase"]
[SourceDate "2021.11.30"]
[SourceVersion "1"]
[SourceVersionDate "2021.11.30"]
[SourceQuality "1"]
[WhiteTeam "Solvay"]
[BlackTeam "Los Molinos"]
[WhiteTeamCountry "ESP"]
[BlackTeamCountry "ESP"]

1. e4 Nf6 2. e5 Nd5 3. d4 Nc6 4. Nf3 d6 5. exd6 exd6 6. c4 Nb6 7. h3 Be7 8. Be3 0-0 9. Bd3 Nb4 10. 0-0 Bf6 11. Nc3 Nxd3 12. Qxd3 c5 13. b3 Re8 14. Rad1 g6 15. Bf4 Bf5 16. Qd2 Rc8 17. Bg3 Kg7 18. Qf4 1-0

[Event "ESP-chT CECLUB Div2"]
[Site "Linares"]
[Date "2021.08.09"]
[Round "1.3"]
[White "Krysa, Leandro Sergio"]
[Black "Gonzalez Laso, Adrian"]
[Result "1-0"]
[WhiteElo "2532"]
[BlackElo "2314"]
[PlyCount "106"]
[EventDate "2021.08.09"]
[EventType "team-swiss"]
[EventRounds "7"]
[EventCountry "ESP"]
[SourceTitle "CBM 203 Extra"]
[Source "ChessBase"]
[SourceDate "2021.09.30"]
[SourceVersion "1"]
[SourceVersionDate "2021.09.30"]
[SourceQuality "1"]
[WhiteTeam "Oromana CEN Solutions"]
[BlackTeam "Solvay II"]
[WhiteTeamCountry "ESP"]
[BlackTeamCountry "ESP"]

1. Nf3 Nf6 2. c4 e6 3. Nc3 b6 4. g3 Bb7 5. Bg2 Be7 6. 0-0 0-0 7. d4 Ne4 8. Bd2 f5 9. d5 Bf6 10. Rc1 Na6 11. a3 Nac5 12. b4 Bxc3 13. Bxc3 Nxc3 14. Rxc3 Qf6 15. Rc1 Ne4 16. Qb3 c5 17. dxc6 Bxc6 18. Qe3 e5 19. Rfd1 Rad8 20. a4 g5 21. b5 Ba8 22. Nd2 Nc5 23. Bxa8 Rxa8 24. Nf3 f4 25. Qxe5 fxg3 26. hxg3 Qxe5 27. Nxe5 Rae8 28. Nxd7 Nxd7 29. Rxd7 Rxe2 30. Rf1 Rf7 31. Rxf7 Kxf7 32. a5 Ke7 33. Kg2 Kd6 34. Rh1 bxa5 35. Rxh7 Re7 36. c5+ Ke6 37. Rh1 Kd5 38. Rc1 a4 39. c6 Kd6 40. Rc4 a3 41. Kf3 a2 42. Ra4 Kc5 43. Rxa2 Kxb5 44. Kg4 Rg7 45. c7 Rxc7 46. Kxg5 Rc5+ 47. Kh4 a5 48. g4 Kb4 49. g5 Kb3 50. Ra1 Kb2 51. Rg1 Rc4+ 52. Kh5 Rc5 53. Kh6 Rf5 1-0

[Event "Valencia Cuna op"]
[Site "Valencia"]
[Date "2021.07.24"]
[Round "8"]
[White "Granero Roca, Antonio"]
[Black "Gonzalez Laso, Adrian"]
[Result "1-0"]
[WhiteElo "2369"]
[BlackElo "2279"]
[PlyCount "89"]
[EventDate "2021.07.19"]
[EventType "swiss"]
[EventRounds "9"]
[EventCountry "ESP"]
[SourceTitle "CBM 203 Extra"]
[Source "ChessBase"]
[SourceDate "2021.09.30"]
[SourceVersion "1"]
[SourceVersionDate "2021.09.30"]
[SourceQuality "1"]

1. Nf3 Nf6 2. c4 e6 3. d4 c5 4. d5 exd5 5. cxd5 d6 6. Nc3 g6 7. h3 Bg7 8. e4 Nbd7 9. Bd3 a6 10. a4 Nh5 11. 0-0 Ne5 12. Be2 Nxf3+ 13. Bxf3 Qh4 14. Bg4 Bxg4 15. Qxg4 Qxg4 16. hxg4 Nf6 17. Bf4 Ke7 18. f3 Nd7 19. Ra3 b6 20. Rb3 h5 21. g5 Rhb8 22. Ra1 Rb7 23. Kf2 Rab8 24. Ke2 Ne5 25. Bxe5 Bxe5 26. Ke3 Bd4+ 27. Kd2 Be5 28. Ke3 b5 29. axb5 axb5 30. Nd1 Bd4+ 31. Kd2 f6 32. gxf6+ Kxf6 33. Ra6 Ke5 34. g3 g5 35. Rba3 h4 36. gxh4 gxh4 37. Ne3 Bxb2 38. Rb3 Bd4 39. Rb1 Kf4 40. Nf5 Be5 41. Ke2 Rg8 42. Rh1 Rg2+ 43. Kf1 Rb2 44. Rxh4+ Kxf3 45. Ra3+ 1-0

[Event "Valencia Cuna op"]
[Site "Valencia"]
[Date "2021.07.22"]
[Round "5"]
[White "Gavarrete, Nahun"]
[Black "Gonzalez Laso, Adrian"]
[Result "0-1"]
[WhiteElo "2379"]
[BlackElo "2279"]
[PlyCount "128"]
[EventDate "2021.07.19"]
[EventType "swiss"]
[EventRounds "9"]
[EventCountry "ESP"]
[SourceTitle "CBM 203 Extra"]
[Source "ChessBase"]
[SourceDate "2021.09.30"]
[SourceVersion "1"]
[SourceVersionDate "2021.09.30"]
[SourceQuality "1"]

1. c4 b6 2. e4 Bb7 3. Nc3 c5 4. Nf3 e6 5. d4 cxd4 6. Nxd4 d6 7. g4 Nc6 8. Be3 Nf6 9. Bg2 Ne5 10. h3 Rc8 11. g5 Nfd7 12. b3 Nc5 13. 0-0 Be7 14. f4 Nc6 15. Qg4 Nxd4 16. Bxd4 e5 17. fxe5 0-0 18. Nd5 Bxd5 19. exd5 dxe5 20. Bxe5 Bxg5 21. h4 Bh6 22. Bh3 Ra8 23. Rae1 Nd3 24. Bf6 Qc7 25. Rd1 Qc5+ 26. Kg2 Qe3 27. Bd4 Nf4+ 28. Kh2 Qxh3+ 29. Qxh3 Nxh3 30. Kxh3 Rfe8 31. Rfe1 Kf8 32. Kg4 f6 33. a3 Kf7 34. b4 Rxe1 35. Rxe1 Rd8 36. Re6 Bd2 37. Rc6 Rd7 38. h5 b5 39. cxb5 Rxd5 40. Rc7+ Kg8 41. Bc5 Rd3 42. Rxa7 g6 43. Ra8+ Kf7 44. hxg6+ hxg6 45. Ra7+ Kg8 46. Bf2 f5+ 47. Kh4 Rf3 48. Bg3 Bc3 49. b6 Bf6+ 50. Kh3 Be5 51. Kg2 Rxg3+ 52. Kf2 Rb3 53. Ra8+ Kf7 54. b7 g5 55. Ke2 f4 56. b8Q Bxb8 57. Rxb8 Rxa3 58. b5 g4 59. b6 f3+ 60. Ke1 g3 61. b7 f2+ 62. Ke2 Ra2+ 63. Ke3 Rb2 64. Ra8 f1Q 0-1

[Event "Almansa op-A 13th"]
[Site "Almansa"]
[Date "2018.08.03"]
[Round "4.4"]
[White "Sanchez Jerez, Emilio Miguel"]
[Black "Gonzalez Laso, Adrian"]
[Result "1-0"]
[WhiteElo "2246"]
[BlackElo "2168"]
[PlyCount "133"]
[EventDate "2018.08.02"]
[EventType "swiss"]
[EventRounds "7"]
[EventCountry "ESP"]
[SourceTitle "EXT 2024"]
[Source "ChessBase"]
[SourceDate "2023.10.10"]
[SourceVersion "1"]
[SourceVersionDate "2023.10.10"]
[SourceQuality "1"]

1. Nf3 c5 2. e4 Nc6 3. d4 cxd4 4. Nxd4 Nf6 5. Nc3 e5 6. Ndb5 d6 7. Bg5 a6 8. Na3 b5 9. Nd5 Be7 10. Bxf6 Bxf6 11. c4 b4 12. Nc2 Rb8 13. b3 0-0 14. h4 Be7 15. Nde3 Be6 16. g3 Qd7 17. Qd3 a5 18. Bg2 Nd8 19. Nf5 Nb7 20. Nce3 Nc5 21. Qc2 Rfd8 22. Rd1 a4 23. Nd5 Bxd5 24. Rxd5 Bf8 25. 0-0 g6 26. Rfd1 Qc6 27. Ne3 axb3 28. axb3 Ra8 29. f4 Qb6 30. Kh2 exf4 31. gxf4 Bh6 32. Rg5 d5 33. Nxd5 Qa7 34. Qf2 Ne6 35. Qxa7 Rxa7 36. Rg4 Kf8 37. f5 Nc5 38. fxg6 hxg6 39. Rf1 Rd6 40. Nxb4 Nxb3 41. e5 Re6 42. Nd3 Bg7 43. Bd5 Bxe5+ 44. Nxe5 Rxe5 45. Rxg6 Nd2 46. Rf4 Re2+ 47. Rg2 Rxg2+ 48. Kxg2 Kg7 49. Kg3 f6 50. Rg4+ Kh6 51. Kf4 Ra1 52. Kf5 Rf1+ 53. Ke6 Kh5 54. Rg2 Nb3 55. Rh2 f5 56. Kd6 f4 57. c5 Nd4 58. c6 Rd1 59. Ke5 Nxc6+ 60. Bxc6 Kg4 61. h5 Re1+ 62. Kf6 Kg3 63. h6 Rc1 64. Rg2+ Kh3 65. Be4 Rc4 66. h7 Rxe4 67. Rg8 1-0

[Event "ESP-ch rapid"]
[Site "Linares"]
[Date "2017.08.13"]
[Round "7"]
[White "Gonzalez Laso, Adrian"]
[Black "Sos Andreu, Eric"]
[Result "1/2-1/2"]
[WhiteElo "2210"]
[BlackElo "2347"]
[PlyCount "133"]
[EventDate "2017.08.13"]
[EventType "swiss (rapid)"]
[EventRounds "9"]
[EventCountry "ESP"]
[SourceTitle "CBM 179 Extra"]
[Source "ChessBase"]
[SourceDate "2017.08.23"]
[SourceVersion "1"]
[SourceVersionDate "2017.08.23"]
[SourceQuality "1"]

1. e4 c5 2. Nc3 Nc6 3. g3 g6 4. Bg2 Bg7 5. d3 d6 6. Be3 Nf6 7. h3 0-0 8. Qd2 Nd4 9. Nd1 e5 10. c3 Ne6 11. Bh6 d5 12. Bxg7 Kxg7 13. exd5 Nxd5 14. Ne3 Ndc7 15. Ne2 Rb8 16. 0-0 b6 17. Rad1 Bb7 18. Bxb7 Rxb7 19. h4 h5 20. Nc4 f6 21. d4 exd4 22. cxd4 cxd4 23. Nxd4 Nxd4 24. Qxd4 Qxd4 25. Rxd4 Ne6 26. Rd6 Nc5 27. Re1 Rc7 28. b3 Rff7 29. Kg2 Rfe7 30. Rxe7+ Rxe7 31. Kf3 Kf7 32. Rd8 g5 33. hxg5 fxg5 34. Rh8 Kg6 35. Rg8+ Kf6 36. Ne3 Rf7 37. Ke2 Ne4 38. Rc8 Kg7 39. Nd1 h4 40. gxh4 gxh4 41. Rc4 Re7 42. Ne3 Kg6 43. Rc6+ Kh5 44. Rc8 Nf6 45. Kf3 Kg5 46. Rh8 Rh7 47. Rxh7 Nxh7 48. Nc4 Nf6 49. Ne5 Kf5 50. Nc6 a5 51. Ne7+ Ke6 52. Ng6 h3 53. Nf4+ Ke5 54. Nxh3 Kd4 55. Kf4 Nd5+ 56. Kf5 Nc3 57. a4 Ne4 58. Ke6 Kc3 59. Kd5 Nf6+ 60. Kc6 Kxb3 61. Kb5 Nd5 62. f4 Nc3+ 63. Kxb6 Kxa4 64. f5 Kb4 65. Nf4 Ne4 66. Nd3+ Kc4 67. Kxa5 1/2-1/2

[Event "Benidorm op U2300 15th"]
[Site "Benidorm"]
[Date "2016.12.08"]
[Round "8"]
[White "Mingarro Carceller, Sergi"]
[Black "Gonzalez Laso, Adrian"]
[Result "1-0"]
[WhiteElo "2276"]
[BlackElo "2192"]
[PlyCount "56"]
[EventDate "2016.12.02"]
[EventType "swiss"]
[EventRounds "10"]
[EventCountry "ESP"]
[SourceTitle "EXT 2019"]
[Source "ChessBase"]
[SourceDate "2018.10.10"]
[SourceVersion "1"]
[SourceVersionDate "2018.10.10"]
[SourceQuality "1"]

1. e4 e6 2. d4 d5 3. Nc3 Bb4 4. e5 c5 5. a3 Bxc3+ 6. bxc3 Ne7 7. Qg4 Qc7 8. Bd3 cxd4 9. Ne2 dxc3 10. Qxg7 Rg8 11. Qxh7 Qxe5 12. h4 Rxg2 13. Bg5 Nbc6 14. Kf1 Rg4 15. Re1 a6 16. Ng3 Qd6 17. Nh5 Rxg5 18. hxg5 Qxa3 19. Nf6+ Kd8 20. Qxf7 Kc7 21. g6 Kb6 22. g7 Ka7 23. Rh8 Qb4 24. g8Q Nxg8 25. Rxg8 Qf4 26. Rb1 Ne5 27. Qc7 Nxd3 28. Qb6+ Kb8 1-0

[Event "Bilbao op 9th"]
[Site "Bilbao"]
[Date "2016.07.22"]
[Round "9"]
[White "Kvisvik, Brede Alexander"]
[Black "Gonzalez Laso, Adrian"]
[Result "0-1"]
[WhiteElo "2313"]
[BlackElo "2187"]
[PlyCount "112"]
[EventDate "2016.07.13"]
[EventType "swiss"]
[EventRounds "10"]
[EventCountry "ESP"]
[SourceTitle "CBM 173 Extra"]
[Source "ChessBase"]
[SourceDate "2016.08.29"]
[SourceVersion "1"]
[SourceVersionDate "2016.08.29"]
[SourceQuality "1"]

1. d4 Nf6 2. c4 c5 3. d5 b5 4. cxb5 a6 5. f3 g6 6. e4 d6 7. Na3 Bg7 8. Ne2 0-0 9. Nc3 Bb7 10. Be2 axb5 11. Naxb5 Qb6 12. Be3 Na6 13. 0-0 Rfb8 14. a3 Qd8 15. Rc1 Ne8 16. Qd2 Bc8 17. f4 Bd7 18. Bc4 Qa5 19. Qe2 Nac7 20. Nxc7 Nxc7 21. e5 Nb5 22. Ne4 Nd4 23. Qf2 Nf5 24. Bd2 Qb6 25. Bc3 Bb5 26. Bxb5 Qxb5 27. g4 Nd4 28. Rce1 Qd7 29. h3 dxe5 30. fxe5 Qxd5 31. Nxc5 Nf3+ 32. Qxf3 Qxc5+ 33. Kh1 Rf8 34. g5 Rad8 35. Rd1 Qc4 36. Kg2 h6 37. gxh6 Bxh6 38. Rfe1 Qe6 39. a4 Qb3 40. a5 Bg5 41. Rxd8 Rxd8 42. e6 f6 43. Qe4 Kh7 44. h4 Bd2 45. Rg1 Bxc3 46. bxc3 Qxc3 47. Rf1 Rd4 48. Qf3 Rd3 49. Qf4 Qxa5 50. Qe4 Qd5 51. Re1 Rd2+ 52. Kh3 Qa2 53. Qf4 Rf2 54. Qg3 Rb2 55. Re3 Qb1 56. Qf3 Qc2 0-1

[Event "Lisbon Christmas op"]
[Site "Lisbon"]
[Date "2014.12.28"]
[Round "5"]
[White "Gonzalez Laso, Adrian"]
[Black "Pinheiro, Jose"]
[Result "1/2-1/2"]
[WhiteElo "2141"]
[BlackElo "2330"]
[PlyCount "37"]
[EventDate "2014.12.26"]
[EventType "swiss"]
[EventRounds "9"]
[EventCountry "POR"]
[SourceTitle "CBM 164 Extra"]
[Source "ChessBase"]
[SourceDate "2015.03.02"]
[SourceVersion "1"]
[SourceVersionDate "2015.03.02"]
[SourceQuality "1"]

1. e4 c5 2. Nc3 g6 3. g3 Bg7 4. Bg2 Nc6 5. d3 d6 6. Be3 Nf6 7. h3 0-0 8. Qd2 Nd4 9. Nd1 e5 10. c3 Nc6 11. Ne2 b6 12. Bh6 d5 13. Bxg7 Kxg7 14. exd5 Nxd5 15. 0-0 Be6 16. f4 Qd7 17. f5 gxf5 18. Bxd5 Qxd5 19. Qg5+ 1/2-1/2

[Event "Lisbon Christmas op"]
[Site "Lisbon"]
[Date "2014.12.28"]
[Round "4"]
[White "Gonzalez Laso, Adrian"]
[Black "Sousa, Joao Francisco Silv"]
[Result "1-0"]
[WhiteElo "2141"]
[BlackElo "1915"]
[PlyCount "95"]
[EventDate "2014.12.26"]
[EventType "swiss"]
[EventRounds "9"]
[EventCountry "POR"]
[SourceTitle "EXT 2018"]
[Source "ChessBase"]
[SourceDate "2017.10.13"]
[SourceVersion "1"]
[SourceVersionDate "2017.10.13"]
[SourceQuality "1"]

1. e4 c5 2. Nc3 Nc6 3. g3 e6 4. Bg2 Nge7 5. d3 d5 6. exd5 exd5 7. Nge2 d4 8. Ne4 Ng6 9. 0-0 Be7 10. Nf4 Nxf4 11. Bxf4 0-0 12. h4 Re8 13. Qh5 Be6 14. Rae1 Rc8 15. Bg5 b6 16. Bxe7 Rxe7 17. Ng5 Bf5 18. Be4 Bxe4 19. Nxe4 h6 20. f4 Nb4 21. f5 Nd5 22. f6 Re6 23. fxg7 Rg6 24. Qf5 Rc7 25. Kh1 Ne3 26. Nf6+ Kxg7 27. Nh5+ Kg8 28. Nf6+ Kg7 29. Qe5 Rxf6 30. Rxf6 Qa8+ 31. Rf3+ Kg8 32. Qe4 Qxe4 33. dxe4 Nxc2 34. Rc1 Ne3 35. Kg1 Re7 36. Rf4 d3 37. Rf2 Rxe4 38. Rd2 c4 39. Kf2 h5 40. Kf3 f5 41. Re1 Nd5 42. Rxe4 fxe4+ 43. Kxe4 Nc7 44. Kd4 b5 45. b3 Ne6+ 46. Kd5 Nc7+ 47. Kc6 b4 48. bxc4 1-0